000 00617nam a2200241 a 4500
001 10143
003 CO-ViMGA
008 141112s2004 ck r 000 u spa d
020 _a8474238811
040 _aCO-ViMGA
_bspa
_cCO-ViMGA
082 0 4 _a335.4 M17m17
100 1 _aMarx ; Karl, Engels Friedrich,
_913018
245 1 0 _aManifiesto Comunista
250 _aBilingue.
260 _aBarcelona :
_bGrijalbo Mondadori,
_c1998
300 _a152 p.
490 _aCrítica
590 _aEjemplares : 2
650 1 4 _aCAPITALISMO
_913019
650 1 4 _aCOMUNISMO
_95876
650 1 4 _aSOCIALISMO
942 _2ddc
_cBK
999 _c21516
_d21516